Normal view
MARC view
Entry Personal Name
001 - CONTROL NUMBER
- control field: 61471
003 - CONTROL NUMBER IDENTIFIER
- control field: dpl
005 - DATE AND TIME OF LATEST TRANSACTION
- control field: 20240131112311.0
008 - FIXED-LENGTH DATA ELEMENTS
- fixed length control field: 240131|| aca||aabn | a|a d
040 ## - CATALOGING SOURCE
- Original cataloging agency: dpl
- Transcribing agency: dpl
100 ## - HEADING--PERSONAL NAME
- Personal name: Nandgude, S B
670 ## - SOURCE DATA FOUND
- Source citation: Work cat.: (dpl)200460: Nandgude, S B, Natural Resources Atlas of Konkan/
